Press watch : a provocative look at how newspapers report the news /

Bibliographic Details
Main Author: Shaw, David, 1943-2005
Format: Book
Language:English
Published: New York : Macmillan, [1984]
Subjects:

MARC

Tag First Indicator Second Indicator Subfields
LEADER 00000pam a2200000 a 4500
001 in00000527621
005 20151013085530.0
008 831107s1984 nyu 00110 eng
010 |a  83024832  
020 |a 0026100304 
035 |a (OCoLC)10163327 
035 |9 ACF6712AM 
039 0 |a 2  |b 3  |c 3  |d 3  |e 3 
040 |a DLC  |c DLC  |d TXA  |d UtOrBLW 
043 |a n-us--- 
049 |a TXAM 
050 0 0 |a PN4867  |b .S465 1984 
082 0 |a 070.4/3  |2 19 
100 1 |a Shaw, David,  |d 1943-2005. 
245 1 0 |a Press watch :  |b a provocative look at how newspapers report the news /  |c David Shaw. 
264 1 |a New York :  |b Macmillan,  |c [1984] 
264 4 |c ©1984 
300 |a 312 pages ;  |c 22 cm. 
336 |a text  |b txt  |2 rdacontent 
337 |a unmediated  |b n  |2 rdamedia 
338 |a volume  |b nc  |2 rdacarrier 
500 |a Includes index. 
650 0 |a Reporters and reporting  |z United States. 
650 0 |a Journalistic ethics  |z United States. 
999 |a MARS 
999 f f |s 062efea6-4127-3d50-a2b0-4ddeeb348466  |i be78cd68-714e-3056-b2ed-673294b380fb  |t 0 
952 f f |p ric  |a Texas A&M University  |b Rellis Campus  |c Joint Library Facility  |d Remote Storage  |t 0  |e PN4867 .S465 1984  |h Library of Congress classification  |i unmediated -- volume  |m A14808037668 
998 f f |a PN4867 .S465 1984  |t 0  |l Remote Storage